zpět

Detail výsledku týmu

The Pub Praha 2 PO, Praha

Datum a čas kvízu

18.5 Celkem bodů Celkový počet nahraných bodů na tomto kvízu bez doplňovacích otázek.
10. Pořadí na kvízu Konečné umístění týmu na tomto kvízu.

Zaznamenané odpovědi

# Otázka Odpověď Body Výsledky
1. V maratonu sněmovních debat o... Karel Havlíček 0
2. Šéf slovenského parlamentu má... Boris Kollár, hnutí Jsme rodina 0
3. Slavný čtyřiačtyřicetiletý ame... Ye / Kanye West 1
4. Známý šéfkuchař Přemek Forejt... McDonald’s 1
5. Už dvakrát odložená série hoke... v Praze 0
6. Začneme v Africe. Konžské král... Zair 0
7. Na černém kontinentu ještě chv... Horní Volta, Burkina Faso 0
8. Thajsko je jedinou zemí jihový... Siam, Město Andělů 0
9. Zřejmě víte, že na území dnešn... Robinson Crusoe 0
10. Vzpomenete si na jednoslovný n... Jugoslávie 0